<?xml version="1.0" encoding="UTF-8"?><?xml-stylesheet type="text/xsl" href="static/style.xsl"?><OAI-PMH xmlns="http://www.openarchives.org/OAI/2.0/" xmlns:xsi="http://www.w3.org/2001/XMLSchema-instance" xsi:schemaLocation="http://www.openarchives.org/OAI/2.0/ http://www.openarchives.org/OAI/2.0/OAI-PMH.xsd"><responseDate>2026-04-27T21:51:30Z</responseDate><request verb="GetRecord" identifier="oai:uvadoc.uva.es:10324/62080" metadataPrefix="marc">https://uvadoc.uva.es/oai/request</request><GetRecord><record><header><identifier>oai:uvadoc.uva.es:10324/62080</identifier><datestamp>2023-12-13T08:53:12Z</datestamp><setSpec>com_10324_38</setSpec><setSpec>col_10324_852</setSpec></header><metadata><record xmlns="http://www.loc.gov/MARC21/slim" xmlns:doc="http://www.lyncode.com/xoai" xmlns:xsi="http://www.w3.org/2001/XMLSchema-instance" xmlns:dcterms="http://purl.org/dc/terms/" xsi:schemaLocation="http://www.loc.gov/MARC21/slim http://www.loc.gov/standards/marcxml/schema/MARC21slim.xsd">
<leader>00925njm 22002777a 4500</leader>
<datafield tag="042" ind1=" " ind2=" ">
<subfield code="a">dc</subfield>
</datafield>
<datafield tag="720" ind1=" " ind2=" ">
<subfield code="a">Fernández López, María Emilia</subfield>
<subfield code="e">author</subfield>
</datafield>
<datafield tag="260" ind1=" " ind2=" ">
<subfield code="c">2023</subfield>
</datafield>
<datafield tag="520" ind1=" " ind2=" ">
<subfield code="a">El presente trabajo ahonda en la realidad sobre el empleo del contacto como herramienta pedagógica en las relaciones entre el especialista en Educación Física y el alumnado. Se define el contacto como una necesidad humana y se justifica su uso en el ámbito educativo, frente al pánico moral que prevalece en la sociedad. Su objetivo es analizar situaciones de contacto intergeneracional en el aula de Expresión Físico-motora y en el medio acuático en el contexto de una escuela de Portugal.&#xd;
Se adopta una metodología cualitativa y se trata de detectar diferentes funciones pedagógicas del tacto, por medio del Diario Corporal Docente y de una entrevista semiestructurada a un profesional. Se identifican tres ámbitos donde el tacto pedagógico está presente: enseñanza y adquisición de técnicas corporales; regulación emocional y motivos auxiliares. Se concluye con una reflexión sobre la dimensión corporal del docente en relación con las experiencias de contacto en las interacciones pedagógicas.</subfield>
</datafield>
<datafield tag="024" ind2=" " ind1="8">
<subfield code="a">https://uvadoc.uva.es/handle/10324/62080</subfield>
</datafield>
<datafield tag="245" ind1="0" ind2="0">
<subfield code="a">Estudio del contacto intergeneracional en el aula de expresión físico-motora y en el medio acuático en una escuela portuguesa</subfield>
</datafield>
</record></metadata></record></GetRecord></OAI-PMH>